[Event "Top16"]
[Site "Evry"]
[Date "2004.04.01"]
[Round "4"]
[White "Claverie, Christophe"]
[Black "Ruest, Olivier"]
[Result "1-0"]
[WhiteElo "2310"]
[BlackElo "2050"]
[PlyCount "41"]
[EventDate "2004.04.02"]
[WhiteTeam "Nice"]
[BlackTeam "Nancy"]

1. d4 Nf6 2. Bg5 e6 3. e4 h6 4. Bxf6 Qxf6 5. Nc3 Bb4 6. Qd2 c5 7. a3 Bxc3 8.
bxc3 d6 9. Bb5+ Bd7 10. a4 O-O 11. Ne2 a6 12. Bxd7 Nxd7 13. O-O Rfd8 14. Rab1
b6 15. f4 Qe7 16. Ng3 Qf8 17. f5 e5 18. Nh5 f6 19. Rf3 Qf7 20. Rh3 Kh8 21. Nxg7
1-0

[Event "Top16"]
[Site "Evry"]
[Date "2004.04.01"]
[Round "4"]
[White "Fressinet, Laurent"]
[Black "Varga, Peter"]
[Result "1/2-1/2"]
[WhiteElo "2633"]
[BlackElo "2468"]
[PlyCount "39"]
[EventDate "2004.04.02"]
[WhiteTeam "NAO"]
[BlackTeam "Strasbourg"]

1. e4 c5 2. Nf3 Nc6 3. Nc3 e6 4. d4 cxd4 5. Nxd4 Qc7 6. Be3 a6 7. Bd3 Nf6 8.
O-O Ne5 9. h3 Bc5 10. Kh1 d6 11. f4 Ng6 12. Qe1 Bd7 13. f5 Ne5 14. Nce2 Qb6 15.
Qg3 O-O 16. Rab1 Nxd3 17. cxd3 e5 18. Bg5 Nh5 19. Qh4 Bxd4 20. Qxh5 1/2-1/2

[Event "Top16"]
[Site "Evry"]
[Date "2004.04.01"]
[Round "4"]
[White "Doettling, Fabian"]
[Black "Nielsen, Peter-Heine"]
[Result "1/2-1/2"]
[WhiteElo "2532"]
[BlackElo "2638"]
[PlyCount "55"]
[EventDate "2004.04.02"]
[WhiteTeam "Strasbourg"]
[BlackTeam "NAO"]

1. d4 Nf6 2. c4 e6 3. Nf3 d5 4. g3 dxc4 5. Bg2 c6 6. Ne5 b5 7. Nxc6 Qb6 8. Ne5
Bb7 9. Bxb7 Qxb7 10. O-O Nc6 11. a4 Nxe5 12. dxe5 Ne4 13. axb5 Bc5 14. Qa4 O-O
15. Nc3 Rac8 16. Bf4 Rfd8 17. Rac1 Bd4 18. Nd1 Nc5 19. Qxc4 Ne4 20. Qa4 Rxc1
21. Bxc1 Bxe5 22. Be3 Nd6 23. Qxa7 Qxa7 24. Bxa7 Nxb5 25. Be3 Rc8 26. Re1 Rc2
27. b4 Bd6 28. Bc5 1/2-1/2

[Event "Top16"]
[Site "Evry"]
[Date "2004.04.01"]
[Round "4"]
[White "Gras, Delphine"]
[Black "Skripchenko, Almira"]
[Result "0-1"]
[WhiteElo "1917"]
[BlackElo "2456"]
[PlyCount "64"]
[EventDate "2004.04.02"]
[WhiteTeam "Strasbourg"]
[BlackTeam "NAO"]

1. e4 c5 2. Nf3 Nc6 3. d4 cxd4 4. Nxd4 e5 5. Nb5 d6 6. a4 Nf6 7. N1c3 h6 8. Bc4
a6 9. Na3 Be7 10. O-O O-O 11. Re1 Nb4 12. Bb3 Bd7 13. Nc4 Be6 14. Be3 Nd7 15.
Re2 Qc7 16. Nxd6 Bxd6 17. Bxe6 fxe6 18. Rd2 Nf6 19. Rxd6 Nxc2 20. Bb6 Qe7 21.
Rc1 Nd4 22. Bc5 Qc7 23. Ba3 Rf7 24. b3 Qb8 25. Rb6 Rd7 26. Qe1 Qd8 27. Bc5 Rc8
28. b4 a5 29. Nb5 Qxb6 30. Nxd4 Qd8 31. Nxe6 Qe8 32. Nf8 Rdc7 0-1

[Event "Top16"]
[Site "Evry"]
[Date "2004.04.01"]
[Round "4"]
[White "Heinz, Thimothee"]
[Black "Gervais, Claire"]
[Result "1-0"]
[WhiteElo "2129"]
[BlackElo "2148"]
[PlyCount "49"]
[EventDate "2004.04.02"]
[WhiteTeam "Bischwiller"]
[BlackTeam "Gonfreville"]

1. e4 e6 2. d4 d5 3. Nd2 dxe4 4. Nxe4 Nd7 5. Bd3 Ngf6 6. Qe2 Be7 7. Bd2 a6 8.
O-O-O b5 9. Nf3 Rb8 10. Neg5 h6 11. Nxe6 fxe6 12. Bg6+ Kf8 13. Qxe6 Ne5 14.
Qxe5 Rb6 15. Qe1 Qd5 16. Bb4 Be6 17. Bxe7+ Kxe7 18. b3 Ra8 19. Qe5 Ra7 20. Rhe1
b4 21. Bf5 a5 22. Qxd5 Nxd5 23. Re5 Nc3 24. Rde1 Raa6 25. d5 1-0

[Event "Top16"]
[Site "Evry"]
[Date "2004.04.01"]
[Round "4"]
[White "Saatdjian, Thomas"]
[Black "Bujisho, Benjamin"]
[Result "0-1"]
[WhiteElo "2070"]
[BlackElo "2385"]
[PlyCount "72"]
[EventDate "2004.04.02"]
[WhiteTeam "Nancy"]
[BlackTeam "Nice"]

1. Nf3 c5 2. c4 Nf6 3. Nc3 Nc6 4. d4 cxd4 5. Nxd4 g6 6. Nc2 Bg7 7. e4 O-O 8.
Be2 d6 9. O-O Be6 10. b3 Nd7 11. Bd2 Nc5 12. f3 a5 13. Rc1 Nb4 14. Nxb4 axb4
15. Nb5 Rxa2 16. Rb1 Qa5 17. Qe1 f5 18. Bxb4 Qb6 19. Bxc5 Qxc5+ 20. Kh1 fxe4
21. fxe4 Rxf1+ 22. Bxf1 Qh5 23. Qd1 Qh6 24. Nd4 Be5 25. Nf3 Bf4 26. Kg1 Ra5 27.
c5 Rxc5 28. Bc4 g5 29. h3 Be3+ 30. Kf1 Rxc4 31. bxc4 g4 32. Rxb7 Bxc4+ 33. Ke1
gxf3 34. Qxf3 Qf4 35. Qxf4 Bxf4 36. Rxe7 Bg3+ 0-1

[Event "Top16"]
[Site "Evry"]
[Date "2004.04.01"]
[Round "4"]
[White "Vaisser, Anatoly"]
[Black "Adrian, Claude"]
[Result "1-0"]
[WhiteElo "2573"]
[BlackElo "2318"]
[PlyCount "95"]
[EventDate "2004.04.02"]
[WhiteTeam "Nice"]
[BlackTeam "Nancy"]

1. d4 Nf6 2. c4 c5 3. d5 b5 4. cxb5 a6 5. bxa6 g6 6. Nc3 Bxa6 7. g3 d6 8. Bg2
Nbd7 9. Rb1 Nb6 10. Nf3 Bg7 11. b3 O-O 12. O-O Qd7 13. Bb2 e6 14. dxe6 fxe6 15.
Qc2 Qe7 16. a4 Rac8 17. Rfe1 Nbd7 18. Bh3 Ne8 19. Qe4 Ne5 20. Nxe5 Bxe5 21. Qg4
Ng7 22. f4 Bd4+ 23. e3 Bf6 24. Ne4 Bxb2 25. Rxb2 Bd3 26. Qg5 Qd8 27. Qxd8 Rcxd8
28. Nf2 Ba6 29. b4 cxb4 30. Rxb4 Rb8 31. Reb1 Rxb4 32. Rxb4 Rc8 33. Rb6 Rc1+
34. Kg2 Bf1+ 35. Kf3 Bxh3 36. Nxh3 Nf5 37. Ng5 Rc3 38. Rb8+ Kg7 39. Rb7+ Kg8
40. Nxh7 Nxe3 41. a5 Ra3 42. a6 Nd5+ 43. Kg4 Rxa6 44. Kg5 Ra8 45. Kxg6 Re8 46.
Rg7+ Kh8 47. Ng5 Ne7+ 48. Kf7 1-0

[Event "Top16"]
[Site "Evry"]
[Date "2004.04.01"]
[Round "4"]
[White "Pelletier, Yannick"]
[Black "Abergel, Thal"]
[Result "1/2-1/2"]
[WhiteElo "2587"]
[BlackElo "2441"]
[PlyCount "71"]
[EventDate "2004.04.02"]
[WhiteTeam "Mulhouse"]
[BlackTeam "Evry"]

1. e4 c5 2. Nf3 d6 3. d4 cxd4 4. Nxd4 Nf6 5. Nc3 Nc6 6. Bg5 Bd7 7. Be2 Qa5 8.
Bxf6 gxf6 9. O-O Nxd4 10. Qxd4 Bg7 11. a4 Qc5 12. Qd2 f5 13. Nd5 fxe4 14. Rad1
Be6 15. Qg5 O-O 16. c3 Kh8 17. b4 Qc6 18. Bb5 Qc8 19. Qxe7 a6 20. Be2 Re8 21.
Qh4 Bxd5 22. Rxd5 Qxc3 23. Rxd6 Qxb4 24. Rd7 Rf8 25. Bh5 Qxa4 26. Rxb7 Qc4 27.
Rd1 a5 28. Qf4 a4 29. Bxf7 Qc2 30. Rbd7 Qb2 31. Qxe4 a3 32. R7d2 Rxf7 33. Rxb2
axb2 34. g3 Rfa7 35. Kg2 Ra1 36. Rb1 1/2-1/2

[Event "Top16"]
[Site "Evry"]
[Date "2004.04.01"]
[Round "4"]
[White "Aguettaz, Maxime"]
[Black "Maze, Sebastien"]
[Result "0-1"]
[WhiteElo "2344"]
[BlackElo "2462"]
[PlyCount "62"]
[EventDate "2004.04.02"]
[WhiteTeam "Strasbourg"]
[BlackTeam "NAO"]

1. c4 Nf6 2. Nf3 e6 3. g3 b6 4. Bg2 Bb7 5. O-O Be7 6. b3 O-O 7. Bb2 d5 8. cxd5
exd5 9. d4 Nbd7 10. Nbd2 Re8 11. Ne5 Bd6 12. Ndc4 Bf8 13. Rc1 c6 14. Nxd7 Nxd7
15. Nd2 Nf6 16. Re1 Qd7 17. Qc2 h6 18. e3 Bb4 19. a3 Bxd2 20. Qxd2 Ne4 21. Qd3
a5 22. f3 Ng5 23. h4 Ne6 24. e4 Ba6 25. Qe3 c5 26. e5 f5 27. exf6 Nxd4 28. Qf4
Ne2+ 29. Rxe2 Rxe2 30. Be5 Re8 31. Bc7 Rxg2+ 0-1

[Event "Top16"]
[Site "Evry"]
[Date "2004.04.01"]
[Round "4"]
[White "Netzer, Jean"]
[Black "Vallin, Guillaume"]
[Result "1-0"]
[WhiteElo "2325"]
[BlackElo "2419"]
[PlyCount "81"]
[EventDate "2004.04.02"]
[WhiteTeam "Bischwiller"]
[BlackTeam "Gonfreville"]

1. e4 e6 2. d4 d5 3. Nc3 Nf6 4. e5 Nfd7 5. f4 c5 6. Nf3 Nc6 7. Be3 cxd4 8. Nxd4
Bc5 9. Qd2 O-O 10. O-O-O a6 11. Nb3 Bb4 12. Bd3 b5 13. g4 Bb7 14. Rhg1 Qc7 15.
Rg3 Rfc8 16. Rh3 g6 17. Qf2 Be7 18. Kb1 Nb4 19. Rc1 Nxd3 20. cxd3 Qd8 21. Rf1
Qe8 22. Bd4 f5 23. gxf5 exf5 24. Na5 b4 25. Nd1 Nf8 26. Nxb7 Qc6 27. Ne3 Qxb7
28. Rg1 Qd7 29. Qg2 Rd8 30. Rh6 Qb5 31. e6 Qxd3+ 32. Nc2 Rac8 33. Rh3 Qe4 34.
Rxh7 Qxd4 35. Nxd4 Kxh7 36. Nxf5 Rc7 37. Qh3+ Kg8 38. Qh6 Bf6 39. Rxg6+ Nxg6
40. Qxg6+ Bg7 41. e7 1-0

[Event "Top16"]
[Site "Evry"]
[Date "2004.04.01"]
[Round "4"]
[White "Bergez, Luc"]
[Black "Bricard, Emmanuel"]
[Result "0-1"]
[WhiteElo "2380"]
[BlackElo "2453"]
[PlyCount "78"]
[EventDate "2004.04.02"]
[WhiteTeam "Evry"]
[BlackTeam "Mulhouse"]

1. d4 f5 2. Bg5 g6 3. Nc3 Bg7 4. e4 fxe4 5. Nxe4 d5 6. Nc5 b6 7. Nb3 Nh6 8. h4
Nf7 9. Be3 O-O 10. h5 g5 11. h6 Bf6 12. Nf3 a5 13. Nc1 c5 14. c3 Qd6 15. Nd3
cxd4 16. cxd4 Nc6 17. Be2 g4 18. Nh2 Bxd4 19. Nxg4 Bxg4 20. Bxd4 Bxe2 21. Qxe2
Nxd4 22. Qg4+ Qg6 23. Qxd4 e5 24. Qe3 d4 25. Qd2 Ng5 26. Rh4 Rf5 27. Rc1 Raf8
28. Rc7 Ne6 29. Rc6 Qxg2 30. Qc1 Qg1+ 31. Ke2 Rxf2+ 32. Nxf2 Rxf2+ 33. Kd3 Qg6+
34. Kc4 Rc2+ 35. Qxc2 Qxc2+ 36. Kb5 Qxb2+ 37. Ka6 Kf7 38. Rh1 Qe2+ 39. Ka7 d3
0-1

[Event "Top16"]
[Site "Evry"]
[Date "2004.04.01"]
[Round "4"]
[White "Georgiev, Kiryl"]
[Black "Huebner, Robert"]
[Result "1/2-1/2"]
[WhiteElo "2637"]
[BlackElo "2604"]
[PlyCount "87"]
[EventDate "2004.04.02"]
[WhiteTeam "Mulhouse"]
[BlackTeam "Evry"]

1. d4 d5 2. c4 c6 3. Nf3 Nf6 4. Nc3 a6 5. cxd5 cxd5 6. Bf4 Nc6 7. Rc1 Bf5 8. e3
Rc8 9. Be2 e6 10. O-O Bd6 11. Bxd6 Qxd6 12. Na4 O-O 13. Nc5 Rc7 14. Qb3 Qe7 15.
Qb6 Rfc8 16. Rc3 Nd8 17. Ne5 Ne8 18. Rfc1 f6 19. Ned3 Bxd3 20. Bxd3 Rc6 21. Qb3
Nd6 22. h3 f5 23. a4 a5 24. Be2 b6 25. Nd3 Rxc3 26. Rxc3 Rxc3 27. Qxc3 Qb7 28.
Ne5 N8f7 29. Nc6 Ne4 30. Qc2 Qc7 31. Bd3 Kf8 32. b3 g5 33. f3 Nf6 34. e4 fxe4
35. fxe4 dxe4 36. Bxe4 Qf4 37. Bf3 h5 38. Qf2 g4 39. hxg4 hxg4 40. Bd1 Qg5 41.
Ne5 Kg7 42. Nd3 g3 43. Qf4 Nd5 44. Qxg5+ 1/2-1/2

[Event "Top16"]
[Site "Evry"]
[Date "2004.04.01"]
[Round "4"]
[White "Philippe, Christophe"]
[Black "Sharif, Mershad"]
[Result "0-1"]
[WhiteElo "2358"]
[BlackElo "2462"]
[PlyCount "64"]
[EventDate "2004.04.02"]
[WhiteTeam "Nancy"]
[BlackTeam "Nice"]

1. e4 e6 2. d4 d5 3. Nc3 Nf6 4. Bg5 dxe4 5. Nxe4 Be7 6. Bxf6 Bxf6 7. Nf3 Nd7 8.
Qd2 O-O 9. O-O-O b6 10. Bd3 Bb7 11. h4 Be7 12. c3 c5 13. dxc5 Qc7 14. Neg5 Nf6
15. Qc2 h6 16. Kb1 bxc5 17. c4 Bxf3 18. gxf3 Bd6 19. Rhg1 Rab8 20. Qe2 Be5 21.
Rd2 Rb6 22. b3 a5 23. Bc2 a4 24. f4 Bxf4 25. Rd3 axb3 26. Bxb3 hxg5 27. hxg5
Nh7 28. Rh1 Nxg5 29. Qh5 f6 30. Kc2 Rd6 31. Qh8+ Kf7 32. Qh5+ g6 0-1

[Event "Top16"]
[Site "Evry"]
[Date "2004.04.01"]
[Round "4"]
[White "Midoux, Sebastien"]
[Black "Wagner, Claude"]
[Result "1/2-1/2"]
[WhiteElo "2315"]
[BlackElo "2357"]
[PlyCount "60"]
[EventDate "2004.04.02"]
[WhiteTeam "Gonfreville"]
[BlackTeam "Bischwiller"]

1. e4 c5 2. Nf3 Nc6 3. Bb5 g6 4. Bxc6 bxc6 5. O-O Bg7 6. Re1 Nh6 7. c3 O-O 8.
d4 cxd4 9. cxd4 d6 10. h3 f6 11. Nc3 Nf7 12. b3 Qa5 13. Bb2 Bd7 14. Rc1 Rfe8
15. Nd2 Qg5 16. Nf3 Qh5 17. Ne2 Qa5 18. Bc3 Qb5 19. a4 Qb7 20. Nd2 Rab8 21. Rb1
f5 22. exf5 Bxf5 23. Rb2 e5 24. Nc4 e4 25. Ne3 Be6 26. d5 Bxd5 27. Bxg7 Kxg7
28. Qd4+ Ne5 29. Nxd5 cxd5 30. Nf4 Qb4 1/2-1/2

[Event "Top16"]
[Site "Evry"]
[Date "2004.04.01"]
[Round "4"]
[White "Vachier-Lagrave, Maxime"]
[Black "Roos, Jean-Luc"]
[Result "1-0"]
[WhiteElo "2427"]
[BlackElo "2330"]
[PlyCount "117"]
[EventDate "2004.04.02"]
[WhiteTeam "NAO"]
[BlackTeam "Strasbourg"]

1. e4 e6 2. d4 d5 3. Nd2 c5 4. exd5 exd5 5. Ngf3 Nf6 6. Bb5+ Bd7 7. Bxd7+ Nbxd7
8. O-O Be7 9. dxc5 Nxc5 10. Nb3 O-O 11. Nxc5 Bxc5 12. Bg5 d4 13. Qd3 Qd6 14.
Rad1 Rad8 15. Rfe1 Rfe8 16. Kf1 Rxe1+ 17. Rxe1 h6 18. Bh4 Re8 19. Rxe8+ Nxe8
20. Qb5 Kf8 21. Bg3 Qe7 22. Be5 a6 23. Qc4 Kg8 24. Bxd4 Bxd4 25. Qxd4 Nc7 26.
Qe5 Ne6 27. Nd4 Qd7 28. Nxe6 fxe6 29. Qe2 Kh8 30. f3 Qd5 31. c4 Qd4 32. g3 e5
33. Kg2 a5 34. b3 b6 35. Qf2 Qd6 36. Qe3 Kg8 37. Kf2 Kh8 38. Ke2 Qa3 39. Qd2
Qc5 40. Qd8+ Kh7 41. Qd3+ Kh8 42. Qe3 Qa3 43. Qd2 Qc5 44. h4 Qg1 45. Qe1 Qd4
46. Qd1 Qc5 47. g4 Qe7 48. Qd5 Qa3 49. Qd8+ Kh7 50. Qd2 Qe7 51. h5 Kh8 52. Qd5
Qa3 53. Qd8+ Kh7 54. Qxb6 Qxa2+ 55. Ke3 Qb2 56. Qd6 Qxb3+ 57. Qd3+ Qxd3+ 58.
Kxd3 Kg8 59. c5 1-0

[Event "Top16"]
[Site "Evry"]
[Date "2004.04.01"]
[Round "4"]
[White "Sulava, Nenad"]
[Black "Mourot, Felix"]
[Result "1-0"]
[WhiteElo "2477"]
[BlackElo "2114"]
[PlyCount "65"]
[EventDate "2004.04.02"]
[WhiteTeam "Nice"]
[BlackTeam "Nancy"]

1. Nf3 c5 2. c4 Nf6 3. Nc3 e6 4. g3 b6 5. Bg2 Bb7 6. O-O Be7 7. Re1 d6 8. e4 a6
9. d4 cxd4 10. Nxd4 Nfd7 11. e5 Bxg2 12. exd6 Bxd6 13. Kxg2 Be7 14. Rxe6 O-O
15. Re1 Nf6 16. Bg5 Ra7 17. Nf5 Nc6 18. Nxe7+ Nxe7 19. Bxf6 gxf6 20. Qf3 Qa8
21. Ne4 f5 22. Nf6+ Kg7 23. Nd5 Nxd5 24. cxd5 f4 25. Re5 f6 26. Re6 Rd7 27. Rd1
fxg3 28. hxg3 Qb7 29. Rd4 f5 30. Re5 Rdf7 31. Qc3 Rf6 32. Rc4 R8f7 33. Rxf5 1-0

[Event "Top16"]
[Site "Evry"]
[Date "2004.04.01"]
[Round "4"]
[White "Lautier, Joel"]
[Black "Roos, Daniel"]
[Result "1-0"]
[WhiteElo "2676"]
[BlackElo "2411"]
[PlyCount "137"]
[EventDate "2004.04.02"]
[WhiteTeam "NAO"]
[BlackTeam "Strasbourg"]

1. d4 d5 2. c4 c6 3. Nc3 Nf6 4. Nf3 g6 5. Bf4 Bg7 6. e3 O-O 7. Bd3 dxc4 8. Bxc4
b5 9. Bd3 Nbd7 10. O-O Bb7 11. Rc1 a6 12. b4 a5 13. a3 axb4 14. axb4 Ra3 15. h3
Re8 16. Ne5 Nd5 17. Nxd5 Nxe5 18. dxe5 Qxd5 19. Be2 e6 20. Bf3 Qd3 21. Bxc6
Bxc6 22. Rxc6 h6 23. Qf3 Qd5 24. Qxd5 exd5 25. Rb1 g5 26. Bg3 Bxe5 27. Bxe5
Rxe5 28. Rb2 Kg7 29. Rc5 Ra4 30. Rxb5 Re4 31. Rb7 d4 32. exd4 Rxd4 33. f3 h5
34. Kf2 Kf6 35. Rb6+ Ke7 36. Ke3 Rf4 37. Rb3 h4 38. Rb2 Kd7 39. Kd3 Kc7 40. Rb5
f6 41. Rc2+ Kd7 42. Kc3 f5 43. Kb3 Ra1 44. Rd5+ Ke6 45. Rdd2 g4 46. fxg4 fxg4
47. hxg4 Rxg4 48. Rb2 h3 49. gxh3 Rg3+ 50. Kc4 Rxh3 51. Kc5 Rc1+ 52. Kb6 Rh8
53. b5 Rcc8 54. Re2+ Kf6 55. Rf2+ Ke6 56. Rbe2+ Kd5 57. Rd2+ Ke5 58. Rfe2+ Kf5
59. Rd7 Kf6 60. Ka6 Ra8+ 61. Ra7 Rad8 62. b6 Rd1 63. Rae7 Ra1+ 64. Kb7 Raa8 65.
Kc6 Rac8+ 66. Rc7 Rb8 67. b7 Rh1 68. Kb6 Ra1 69. Rc6+ 1-0

[Event "Top16"]
[Site "Evry"]
[Date "2004.04.01"]
[Round "4"]
[White "Eliet, Nicolas"]
[Black "Mensch, Etienne"]
[Result "1/2-1/2"]
[WhiteElo "2413"]
[BlackElo "2355"]
[PlyCount "127"]
[EventDate "2004.04.02"]
[WhiteTeam "Gonfreville"]
[BlackTeam "Bischwiller"]

1. d4 Nf6 2. c4 c5 3. d5 b5 4. cxb5 a6 5. bxa6 g6 6. Nc3 Bxa6 7. g3 d6 8. Bg2
Bg7 9. Rb1 Nbd7 10. Nh3 O-O 11. Nf4 Ra7 12. h4 h5 13. O-O Qa8 14. Qc2 Ne5 15.
b3 Rb8 16. Bd2 Bc8 17. Nd3 Nxd3 18. Qxd3 Qb7 19. a4 Ra6 20. Na2 Bf5 21. e4 Bd7
22. Qc2 Ng4 23. Bc3 Rb6 24. Bxg7 Kxg7 25. a5 Rb5 26. Qc3+ f6 27. Nc1 Qa6 28.
Ra1 Ra8 29. Nd3 Rxa5 30. Rxa5 Qxa5 31. b4 Qa3 32. Qxa3 Rxa3 33. bxc5 Rxd3 34.
c6 Bxc6 35. dxc6 Rc3 36. Rd1 Ne5 37. Bh3 Rxc6 38. Be6 Rc2 39. Rb1 Nd3 40. Rb7
Nxf2 41. Rxe7+ Kh6 42. Bg8 g5 43. Bh7 Ng4 44. Bf5 Rc1+ 45. Kg2 Ne3+ 46. Kh2
Rc2+ 47. Kh1 Nxf5 48. exf5 gxh4 49. gxh4 Rc4 50. Re6 Rxh4+ 51. Kg2 Kg5 52. Rxd6
Kxf5 53. Rd8 Rg4+ 54. Kf3 Rf4+ 55. Kg3 Ra4 56. Rd5+ Kg6 57. Rd8 Ra3+ 58. Kh4
Kf5 59. Rd7 Kf4 60. Kxh5 Rg3 61. Rd4+ Ke5 62. Ra4 Re3 63. Ra5+ Ke6 64. Kg4
1/2-1/2

[Event "Top16"]
[Site "Evry"]
[Date "2004.04.01"]
[Round "4"]
[White "Kogan, Arthur"]
[Black "Sokolov, Andrei"]
[Result "1/2-1/2"]
[WhiteElo "2543"]
[BlackElo "2585"]
[PlyCount "60"]
[EventDate "2004.04.02"]
[WhiteTeam "Mulhouse"]
[BlackTeam "Evry"]

1. e4 c5 2. Nf3 e6 3. Nc3 d6 4. d4 cxd4 5. Nxd4 Nf6 6. Qf3 Be7 7. Be3 Nbd7 8.
Be2 a6 9. g4 h5 10. gxh5 Rxh5 11. Qg2 Rh7 12. O-O-O Qc7 13. f4 Nc5 14. Nf3 Bd7
15. e5 dxe5 16. fxe5 Nh5 17. Rhf1 Bc6 18. Qg4 Nd7 19. Bd4 g6 20. Ng5 Bxg5+ 21.
Qxg5 Ng7 22. Bd3 Rh5 23. Qg4 Nxe5 24. Bxe5 Qxe5 25. Bxg6 Qg5+ 26. Qxg5 Rxg5 27.
Bxf7+ Ke7 28. h4 Rg4 29. h5 Rh8 30. Bg6 Be8 1/2-1/2

[Event "Top16"]
[Site "Evry"]
[Date "2004.04.01"]
[Round "4"]
[White "Mann, Christian"]
[Black "Grischuk, Alexander"]
[Result "1/2-1/2"]
[WhiteElo "2444"]
[BlackElo "2719"]
[PlyCount "86"]
[EventDate "2004.04.02"]
[WhiteTeam "Strasbourg"]
[BlackTeam "NAO"]

1. g3 c5 2. Bg2 g6 3. Nf3 Bg7 4. O-O Nc6 5. c4 e6 6. Nc3 d6 7. e3 Nge7 8. d4
O-O 9. dxc5 dxc5 10. Qe2 a6 11. Rb1 b6 12. a3 Bb7 13. Na4 Na5 14. b4 Be4 15.
Rd1 Qe8 16. Nxb6 Rd8 17. Bb2 Bxb1 18. Rxb1 Nac6 19. Bxg7 Kxg7 20. Qb2+ f6 21.
Ng5 Nf5 22. Ne4 cxb4 23. axb4 Qe7 24. g4 Nd6 25. Nxf6 Qxf6 26. Qxf6+ Rxf6 27.
Bxc6 Rf7 28. b5 axb5 29. cxb5 Ra7 30. Rb2 Kf7 31. h3 Ke7 32. Rb4 Ra2 33. Na4
Rc2 34. Nb2 Nf7 35. Be4 Rc1+ 36. Kg2 Nd6 37. Bd3 Nb7 38. b6 Nc5 39. Be2 Rb1 40.
b7 Rb8 41. Bf3 Kd7 42. g5 e5 43. Bd5 e4 1/2-1/2

[Event "Top16"]
[Site "Evry"]
[Date "2004.04.01"]
[Round "4"]
[White "Rublevsky, Sergei"]
[Black "Gouliev, Namig"]
[Result "1-0"]
[WhiteElo "2655"]
[BlackElo "2453"]
[PlyCount "91"]
[EventDate "2004.04.02"]
[WhiteTeam "Nice"]
[BlackTeam "Nancy"]

1. e4 e6 2. d4 d5 3. Nd2 c5 4. Ngf3 cxd4 5. exd5 Qxd5 6. Bc4 Qd6 7. O-O Nf6 8.
Nb3 Nc6 9. Nbxd4 Nxd4 10. Nxd4 a6 11. Bb3 Qc7 12. Qf3 Bd6 13. Kh1 O-O 14. Bg5
Nd7 15. c3 Ne5 16. Qh5 Ng6 17. Bc2 h6 18. Bd2 Bf4 19. Rad1 Bxd2 20. Rxd2 Nf4
21. Qh4 Bd7 22. Rfd1 Rad8 23. Nf3 Nd5 24. Qg3 Qxg3 25. hxg3 b5 26. Ne5 f6 27.
Nd3 Bc6 28. Nc5 Rfe8 29. Nxa6 Ra8 30. Nc5 Rxa2 31. Bb3 Ra7 32. Nxe6 Rxe6 33.
Rxd5 Bxd5 34. Bxd5 Kf7 35. Re1 Raa6 36. Kg1 Ke7 37. Rxe6+ Rxe6 38. Bxe6 Kxe6
39. Kf1 Kd5 40. b3 Ke4 41. Ke2 h5 42. f3+ Ke5 43. Ke3 g5 44. c4 b4 45. f4+ Kf5
46. Kf3 1-0

[Event "Top16"]
[Site "Evry"]
[Date "2004.04.01"]
[Round "4"]
[White "Spielmann, Alain"]
[Black "Nikolaidis, Ioannis"]
[Result "1/2-1/2"]
[WhiteElo "2257"]
[BlackElo "2506"]
[PlyCount "67"]
[EventDate "2004.04.02"]
[WhiteTeam "Nancy"]
[BlackTeam "Nice"]

1. Nf3 Nf6 2. c4 b6 3. g3 Bb7 4. Bg2 c5 5. O-O g6 6. Nc3 Bg7 7. d4 cxd4 8. Qxd4
d6 9. Rd1 Nbd7 10. Be3 Rc8 11. Rac1 O-O 12. Qh4 Re8 13. b3 a6 14. Bh3 Rc7 15.
Bh6 Bxf3 16. exf3 Rc5 17. Bxg7 Kxg7 18. Qd4 Kg8 19. f4 b5 20. Bxd7 Nxd7 21. Ne4
Rc7 22. c5 Qc8 23. b4 dxc5 24. Nxc5 Nxc5 25. bxc5 Rc6 26. h4 Qc7 27. h5 e5 28.
fxe5 Qxe5 29. h6 Qxd4 30. Rxd4 Kf8 31. Rd7 Re5 32. Ra7 Re7 33. Ra8+ Re8 34. Ra7
1/2-1/2

[Event "Top16"]
[Site "Evry"]
[Date "2004.04.01"]
[Round "4"]
[White "Jussupow, Arthur"]
[Black "Chuchelov, Vladimir"]
[Result "0-1"]
[WhiteElo "2589"]
[BlackElo "2593"]
[PlyCount "108"]
[EventDate "2004.04.02"]
[WhiteTeam "Evry"]
[BlackTeam "Mulhouse"]

1. d4 Nf6 2. Nf3 e6 3. e3 b6 4. Bd3 Bb7 5. O-O d5 6. b3 Bd6 7. Ne5 O-O 8. Nd2
c5 9. f4 Nc6 10. Bb2 cxd4 11. exd4 Nb4 12. Be2 Rc8 13. c3 Nc6 14. Bd3 Qe7 15.
a4 Rc7 16. Re1 Rfc8 17. Re3 Qd8 18. Rh3 g6 19. Qe1 Bf8 20. Qh4 Bg7 21. Re1 Ne7
22. g4 h5 23. Ndf3 hxg4 24. Nxg4 Nh5 25. Ng5 Nf5 26. Qf2 Qd6 27. Ne5 Nf6 28.
Qg2 Bc6 29. Kh1 Be8 30. Rg1 a5 31. Qf1 Rb8 32. Rf3 Nh5 33. Ng4 f6 34. Nh3 Rcb7
35. Ne3 Nh4 36. Rf2 b5 37. axb5 Bxb5 38. Bxb5 Rxb5 39. Rg4 Rxb3 40. Bc1 Nf5 41.
Rxg6 Rxc3 42. Nxf5 exf5 43. Bd2 Rcb3 44. Ng1 Kf7 45. Rfg2 a4 46. Qd1 Rh8 47.
Qc2 Qd7 48. Qd1 Qe6 49. Qc2 Bf8 50. Ne2 Qe4 51. Qc8 Rb1+ 52. Ng1 a3 53. Qa8 Rb2
54. h3 Rxd2 0-1

[Event "Top16"]
[Site "Evry"]
[Date "2004.04.01"]
[Round "4"]
[White "Milliet, Sophie"]
[Black "Payen, Arnaud"]
[Result "0-1"]
[WhiteElo "2326"]
[BlackElo "2386"]
[PlyCount "188"]
[EventDate "2004.04.02"]
[WhiteTeam "Bischwiller"]
[BlackTeam "Gonfreville"]

1. e4 e5 2. Nf3 Nc6 3. Bc4 Nf6 4. d3 h6 5. O-O d6 6. c3 g6 7. d4 exd4 8. cxd4
Bg7 9. d5 Ne7 10. Nc3 O-O 11. h3 c6 12. dxc6 bxc6 13. e5 Nfd5 14. Nxd5 cxd5 15.
Bxd5 Nxd5 16. Qxd5 Ba6 17. exd6 Bxf1 18. Kxf1 Qd7 19. Be3 Rab8 20. Rb1 Rfd8 21.
b4 Bf8 22. Nd4 Rb6 23. Bf4 Bxd6 24. Bxh6 Bxb4 25. Qxd7 Rxd7 26. Nb3 a5 27. Be3
Rc6 28. a3 Bc3 29. Nc5 Re7 30. Na4 Re4 31. Nxc3 Rxc3 32. Bc1 Re8 33. Ra1 a4 34.
Bd2 Rc2 35. Be3 Rd8 36. Bg5 Rd5 37. h4 Kg7 38. Re1 Rd3 39. Ra1 f6 40. Bf4 Rcc3
41. Rb1 Rxa3 42. Rb7+ Kf8 43. g4 Rd4 44. Bh6+ Ke8 45. Bg7 Rxg4 46. Bxf6 Rd3 47.
Re7+ Kf8 48. Ra7 Re4 49. Kg2 Ke8 50. f3 Re2+ 51. Kg3 Ree3 52. Kg4 Rxf3 53. Kg5
Rd6 54. Bb2 Rd2 55. Ba1 Rg2+ 56. Kh6 Rg4 57. Kg7 Rd3 58. Kf6 Rd6+ 59. Ke5 Rd7
60. Ra6 Kf7 61. Rf6+ Kg8 62. Ra6 Rg1 63. Bc3 Rg3 64. Ke6 Rf7 65. Be5 Rgf3 66.
Rxa4 Rf8 67. Re4 R3f7 68. Kd5 Rd8+ 69. Kc4 Re7 70. Re3 Rde8 71. Kd4 Kh7 72. Bf4
Rd7+ 73. Kc5 Rc8+ 74. Kb6 Kg7 75. Bg5 Rc4 76. Re5 Kf7 77. Re3 Rd1 78. Rb3 Ke6
79. Kb7 Rd7+ 80. Kb6 Kf5 81. Rf3+ Kg4 82. Rf6 Kh5 83. Re6 Rd1 84. Kb5 Rc8 85.
Kb6 Rb1+ 86. Ka7 Rc2 87. Ra6 Rc5 88. Bf6 Rcb5 89. Ra4 Rb7+ 90. Ka8 Rb8+ 91. Ka7
R1b7+ 92. Ka6 Ra8+ 93. Kxb7 Rxa4 94. Kb6 Rxh4 0-1

[Event "Top16"]
[Site "Evry"]
[Date "2004.04.01"]
[Round "4"]
[White "Marzolo, Cyril"]
[Black "Toulzac, Pierre-Yves"]
[Result "1-0"]
[WhiteElo "2462"]
[BlackElo "2309"]
[PlyCount "81"]
[EventDate "2004.04.02"]
[WhiteTeam "Mulhouse"]
[BlackTeam "Evry"]

1. d4 Nf6 2. Nf3 d6 3. c4 g6 4. Nc3 Bg7 5. e4 O-O 6. Be2 e5 7. Be3 Na6 8. O-O
Ng4 9. Bg5 Qe8 10. dxe5 dxe5 11. h3 h6 12. Bd2 Nf6 13. Be3 b6 14. a3 Bb7 15.
Qc2 Nh5 16. b4 c5 17. Nd5 Rc8 18. Rab1 Nf4 19. Bxf4 exf4 20. Rfe1 cxb4 21. axb4
Nc7 22. Qa2 Qxe4 23. Bf1 Bxd5 24. Rxe4 Bxe4 25. Rd1 a6 26. Rd6 Rfd8 27. Rxb6
Ne6 28. c5 Nd4 29. Nd2 Bd5 30. Bc4 Ne2+ 31. Kh2 Nc3 32. Qb3 f3 33. Nxf3 Bxf3
34. Rxg6 Nd5 35. Rxg7+ Kxg7 36. Qxf3 Nf6 37. Bxa6 Ra8 38. b5 Ra7 39. c6 Nd5 40.
Qd3 Re7 41. Bb7 1-0